000 00579nam a2200193Ia 4500
005 20250508164824.0
008 008 250505s9999 xx 000 0 eng d
037 _aDissertations
040 _aFEDL
_beng
_cFEDL
041 _aeng
_2eng
084 _a155.413, DAB/DI
_qFEDL
100 _aDabas Manisha
_9544898
245 0 _aCognitive and non-cognitive factors influencing the learning of physics
260 _c2000
300 _a109p.
546 _aM.Phil Dissertation, (Delhi University)
942 _cDIS
_h155.413, DAB/DI
999 _c1391407
_d1391407